|
|
|
|
| LEADER |
00000cam a22000004a 4500 |
| 001 |
musev2_6437 |
| 003 |
MdBmJHUP |
| 005 |
20230905040743.0 |
| 006 |
m o d |
| 007 |
cr||||||||nn|n |
| 008 |
010301s2001 miu o 00 0 eng d |
| 010 |
|
|
|z 2001027374
|
| 020 |
|
|
|a 9780472024735
|
| 020 |
|
|
|z 9780472089352
|
| 020 |
|
|
|z 9780472111961
|
| 035 |
|
|
|a (OCoLC)607898889
|
| 040 |
|
|
|a MdBmJHUP
|c MdBmJHUP
|
| 050 |
0 |
4 |
|a RA975.T43
|b K374 2001
|
| 082 |
0 |
|
|a 362.1/1
|2 21
|
| 100 |
1 |
|
|a Kastor, John A.
|
| 245 |
1 |
0 |
|a Mergers of Teaching Hospitals in Boston, New York, and Northern California /
|c John A. Kastor.
|
| 264 |
|
1 |
|a Ann Arbor :
|b University of Michigan Press,
|c 2001.
|
| 264 |
|
3 |
|a Baltimore, Md. :
|b Project MUSE,
|c 2012
|
| 264 |
|
4 |
|c ©2001.
|
| 300 |
|
|
|a 1 online resource (504 pages).
|
| 336 |
|
|
|a text
|b txt
|2 rdacontent
|
| 337 |
|
|
|a computer
|b c
|2 rdamedia
|
| 338 |
|
|
|a online resource
|b cr
|2 rdacarrier
|
| 504 |
|
|
|a Includes bibliographical references (p. 441-469) and index.
|
| 588 |
|
|
|a Description based on print version record.
|
| 650 |
|
0 |
|a Hospitals
|x Shared services
|v Case studies.
|
| 650 |
|
0 |
|a Multihospital systems
|v Case studies.
|
| 650 |
|
0 |
|a Hospital mergers
|v Case studies.
|
| 650 |
|
0 |
|a Teaching hospitals
|x Administration
|v Case studies.
|
| 655 |
|
7 |
|a Electronic books.
|2 local
|
| 710 |
2 |
|
|a Project Muse.
|e distributor
|
| 830 |
|
0 |
|a Book collections on Project MUSE.
|
| 856 |
4 |
0 |
|z Texto completo
|u https://projectmuse.uam.elogim.com/book/6437/
|
| 945 |
|
|
|a Project MUSE - Custom Collection
|
| 945 |
|
|
|a Project MUSE - Archive Complete Foundation
|
| 945 |
|
|
|a Project MUSE - Archive Political Science and Policy Studies Foundation
|